Sports Quiz

Random Sports or Basketball Quiz

Top 5 NBA Playoff Scorers Since 1990 Quiz Stats

 Plays Quiz Updated Jun 12, 2018

Challenge
Share
Tweet
Embed
Score 0/140 Timer 10:00
0 Plays Today
Year Player % Correct
1990-1991Michael Jordan
99.3%
1991-1992Michael Jordan
99.3%
1992-1993Michael Jordan
99.3%
1995-1996Michael Jordan
99.3%
1996-1997Michael Jordan
99.3%
1997-1998Michael Jordan
99.3%
1999-2000Kobe Bryant
98.6%
2000-2001Kobe Bryant
98.6%
2001-2002Kobe Bryant
98.6%
2002-2003Kobe Bryant
98.6%
2003-2004Kobe Bryant
98.6%
2007-2008Kobe Bryant
98.6%
2008-2009Kobe Bryant
98.6%
2009-2010Kobe Bryant
98.6%
2006-2007LeBron James
98.5%
2008-2009LeBron James
98.5%
2010-2011LeBron James
98.4%
2011-2012LeBron James
98.4%
2012-2013LeBron James
98.4%
2013-2014LeBron James
98.3%
2014-2015LeBron James
98%
2015-2016LeBron James
97.9%
2016-2017LeBron James
97.8%
1994-1995Shaquille O'Neal
97.4%
1997-1998Shaquille O'Neal
97.4%
1999-2000Shaquille O'Neal
97.4%
2000-2001Shaquille O'Neal
97.4%
2001-2002Shaquille O'Neal
97.4%
2003-2004Shaquille O'Neal
97.4%
2005-2006Shaquille O'Neal
97.4%
2017-2018LeBron James
97.2%
1998-1999Tim Duncan
97.2%
2002-2003Tim Duncan
97.2%
2004-2005Tim Duncan
97.2%
2006-2007Tim Duncan
97.2%
2013-2014Kevin Durant
97.1%
2014-2015Stephen Curry
97%
2016-2017Stephen Curry
96.8%
2015-2016Kevin Durant
96.8%
2012-2013Tim Duncan
96.7%
2016-2017Kevin Durant
96.7%
2005-2006Dwyane Wade
96.6%
2010-2011Dwyane Wade
96.6%
2010-2011Kevin Durant
96.6%
2011-2012Kevin Durant
96.6%
2011-2012Dwyane Wade
96.6%
2012-2013Dwyane Wade
96.6%
Year Player % Correct
2017-2018Kevin Durant
96.4%
2017-2018Stephen Curry
96.3%
2001-2002Paul Pierce
95.9%
2007-2008Paul Pierce
95.9%
2009-2010Paul Pierce
95.9%
2015-2016Russell Westbrook
95.8%
2003-2004Kevin Garnett
95.8%
2007-2008Kevin Garnett
95.8%
2013-2014Russell Westbrook
95.7%
2017-2018James Harden
95.6%
2006-2007Tony Parker
95.4%
2007-2008Tony Parker
95.4%
1990-1991Scottie Pippen
95.4%
1991-1992Scottie Pippen
95.4%
1992-1993Scottie Pippen
95.4%
1996-1997Scottie Pippen
95.4%
1997-1998Scottie Pippen
95.4%
2002-2003Dirk Nowitzki
95.3%
2005-2006Dirk Nowitzki
95.3%
2011-2012Kevin Garnett
95.1%
2012-2013Tony Parker
95%
2014-2015James Harden
94.8%
2010-2011Dirk Nowitzki
94.7%
2013-2014James Harden
94.6%
1990-1991Magic Johnson
94.5%
2015-2016Klay Thompson
94.4%
2017-2018Klay Thompson
94.4%
2014-2015Klay Thompson
94.1%
2016-2017Kyrie Irving
94.1%
2011-2012Russell Westbrook
93.9%
1991-1992Karl Malone
93.8%
1993-1994Karl Malone
93.8%
1995-1996Karl Malone
93.8%
1996-1997Karl Malone
93.8%
1997-1998Karl Malone
93.8%
2000-2001Ray Allen
93.6%
2007-2008Ray Allen
93.6%
2009-2010Ray Allen
93.6%
1992-1993Kevin Johnson
93.6%
2015-2016Kyrie Irving
93.3%
2016-2017John Wall
93.3%
2010-2011Derrick Rose
91.3%
2014-2015Blake Griffin
91.3%
2000-2001Allen Iverson
91.1%
2008-2009Dwight Howard
90.9%
1992-1993Patrick Ewing
90.4%
1993-1994Patrick Ewing
90.4%
Year Player % Correct
1993-1994Reggie Miller
90.3%
1994-1995Reggie Miller
90.3%
1997-1998Reggie Miller
90.3%
1998-1999Reggie Miller
90.3%
1999-2000Reggie Miller
90.3%
2001-2002Jason Kidd
89.8%
2002-2003Jason Kidd
89.8%
1993-1994Hakeem Olajuwon
89.6%
1994-1995Hakeem Olajuwon
89.6%
1996-1997Hakeem Olajuwon
89.6%
2008-2009Carmelo Anthony
89.5%
2012-2013Paul George
88.3%
2009-2010Rajon Rondo
87.5%
1998-1999David Robinson
87.1%
2009-2010Pau Gasol
87%
2000-2001Glenn Robinson
86.6%
2004-2005Manu Ginobili
84.8%
2006-2007Manu Ginobili
84.8%
2003-2004Chauncey Billups
83.9%
2004-2005Chauncey Billups
83.9%
1996-1997John Stockton
83.4%
1990-1991Clyde Drexler
83.1%
1991-1992Clyde Drexler
83.1%
1994-1995Clyde Drexler
83.1%
1995-1996Gary Payton
83%
1992-1993Charles Barkley
81.2%
1999-2000Jalen Rose
80.9%
2013-2014LaMarcus Aldridge
80.1%
2003-2004Richard Hamilton
79.2%
2004-2005Richard Hamilton
79.2%
2004-2005Amare Stoudemire
78.8%
1995-1996Shawn Kemp
78.5%
2001-2002Chris Webber
75.8%
1994-1995Anfernee Hardaway
74.4%
1990-1991James Worthy
73.4%
2005-2006Shawn Marion
67.5%
1993-1994John Starks
63.8%
2005-2006Jason Terry
58.9%
2006-2007Carlos Boozer
57.3%
1998-1999Allan Houston
55.9%
2008-2009Rashard Lewis
53.7%
1998-1999Latrell Sprewell
53.4%
1999-2000Latrell Sprewell
53.4%
1995-1996Detlef Schrempf
44.9%
1991-1992Terry Porter
37.7%
2002-2003Nick Van Exel
13.8%

You're not logged in!

Compare scores with friends on all Sporcle quizzes.
Join for Free
OR
Log In

You Might Also Like...

Show Comments

Extras

Top Quizzes Today


Score Distribution

Your Account Isn't Verified!

In order to create a playlist on Sporcle, you need to verify the email address you used during registration. Go to your Sporcle Settings to finish the process.

Report this User

Report this user for behavior that violates our Community Guidelines.

Details: